Statistics for Biggest Trading Partners - Brazil

Click here to take the quiz!

General Stats

  • This quiz has been taken 218 times
  • The average score is 18 of 20

Answer Stats

exports imports country % Correct
23.3 bil24.1 bilUnited States
100%
13.4 bil9.08 bilArgentina
100%
37.4 bil23.8 bilChina
98%
3.81 bil3.53 bilMexico
98%
4.86 bil9.13 bilGermany
96%
4.60 bil3.57 bilJapan
96%
2.63 bil2.57 bilSpain
95%
2.87 bil2.30 bilUnited Kingdom
95%
3.68 bilFrance
94%
1.87 bilCanada
93%
3.32 bil3.71 bilItaly
93%
4.08 bil2.88 bilChile
93%
2.88 bil5.45 bilSouth Korea
89%
2.02 bilRussia
87%
3.16 bil2.48 bilIndia
85%
2.74 bilUruguay
80%
10.3 bilNetherlands
80%
3.23 bilBelgium
74%
1.90 bilSwitzerland
62%
2.83 bilSingapore
54%

Score Distribution

Percentile by Number Answered

Percent of People with Each Score

Your Score History

You have not taken this quiz